000
00291cam a22001217a 4500
008
180718b xxu||||| |||| 00| 0 eng d
082
_a
A38 J988/W149
100
_a
Walford, Walford
245
_a
Juvenal
_c
by Edward Walford
260
_a
London
_b
William
_c
300
_a
169p.
650
_a
Juvenal
999
_c
434224
_d
434224